Can Habermas' discursive ethics support a theory of the constitution? towards a critique of the attempt to replace the unity of substantive universal reason by a procedural rationality of argumentation
Saved in:
| Main Author: | |
|---|---|
| Format: | Book |
| Language: | English |
| Published: |
San Domenico (FI)
European University Institute
1999
|
| Series: | EUI Working paper LAW
No. 99/4 |
| Subjects: | |
| Tags: |
No Tags, Be the first to tag this record!
|
MARC
| LEADER | 00000nam a2200000 4500 | ||
|---|---|---|---|
| 001 | c132547 | ||
| 005 | 20221108123559.4 | ||
| 041 | 0 | |a eng | |
| 044 | |a IT | ||
| 245 | 1 | 0 | |a Can Habermas' discursive ethics support a theory of the constitution? |b towards a critique of the attempt to replace the unity of substantive universal reason by a procedural rationality of argumentation |c Karl-Heinz Ladeur |
| 264 | 1 | |a San Domenico (FI) |b European University Institute |c 1999 | |
| 300 | |a 28 s. | ||
| 490 | 1 | |a EUI Working paper LAW |v No. 99/4 | |
| 830 | 0 | |a EUI Working paper LAW |v No. 99/4 | |
| 610 | 2 | 0 | |a pluralizmus |
| 610 | 2 | 0 | |a výskum |
| 610 | 2 | 0 | |a práva ľudské |
| 610 | 2 | 0 | |a politika sociálna |
| 610 | 2 | 0 | |a systémy politické |
| 610 | 2 | 0 | |a systémy právne |
| 100 | 1 | |a Ladeur, Karl-Heinz | |